000 00602cam a22001814a 4500
005 20250605164403.0
008 250528s ||||||||||||||||||||||||d
035 _a24704
040 _aGR-AtMCL
_bgre
_dGR-AtMCL
_eAACR2
245 1 _aCover Story: EMC Filter Design at the Push of a Button
260 _bEe Times Europe,
_c2022
300 _a62
520 _aAutomotive Special Report, Exclusive Interview with Carver Mead, Smartphones' Impact on SWIR Industry, Quantum Computing Education Program.
700 1 _aPele Anne Francoise
_99414
942 _cCR
999 _c9570
_d9570